Statistics for Top 20 FIFA Men's Rankings of Countries (2019)

Click here to take the quiz!

General Stats

  • This quiz has been taken 165 times
  • The average score is 17 of 20

Answer Stats

Points Team % Correct
1676Brazil
99%
1734France
99%
1580Argentina
98%
1607Portugal
97%
1601Spain
97%
1570Germany
95%
1737Belgium
95%
1550Italy
94%
1647England
93%
1554Netherlands
89%
1621Croatia
86%
1573Colombia
86%
1549Mexico
86%
1567Sweden
85%
1613Uruguay
84%
1559Chile
83%
1604Switzerland
80%
1535Poland
79%
1586Denmark
74%
1539Wales
51%

Score Distribution

Percentile by Number Answered

Percent of People with Each Score

Your Score History

You have not taken this quiz